000 00392nam a2200157Ia 4500
005 20250423094248.0
008 250422s9999 xx 000 0 und d
020 _a0- 89577- 402- X
050 _aPZ3.V594J12/
100 _aLars Hokanson
245 2 _aA journey to the center of the earth
260 _bReaders digest association, inc
260 _c1992
300 _a280 p
942 _cBK
999 _c26739
_d26739